[Event "SR 1. liga zapad 2015/2016"]
[Site "?"]
[Date "2016.03.20"]
[Round "11.2"]
[White "Bombek, Peter"]
[Black "Janos, Jozef"]
[Result "1/2-1/2"]
[WhiteElo "2204"]
[BlackElo "2145"]
[PlyCount "52"]
[EventDate "2015.??.??"]

1. d4 Nf6 2. Bg5 Ne4 3. Bf4 d5 4. Nd2 Nxd2 5. Qxd2 c6 6. e3 Bf5 7. Nf3 e6 8.
Bg3 Be7 9. Bd3 Nd7 10. Bxf5 exf5 11. Qd3 g6 12. h4 h5 13. O-O-O O-O 14. Ne5 Bf6
15. Nxd7 Qxd7 16. Bf4 Rfc8 17. Kb1 c5 18. Be5 c4 19. Qe2 Bxe5 20. dxe5 c3 21.
Rd4 cxb2 22. Rhd1 Rc5 23. c4 Qc7 24. Rxd5 Rxc4 25. Qxb2 Qe7 26. Ka1 Rac8
1/2-1/2

[Event "SR 1. liga zapad 2015/2016"]
[Site "?"]
[Date "2016.03.20"]
[Round "11.2"]
[White "Mikulas, Dusan"]
[Black "Kutny, Marian Ml"]
[Result "1/2-1/2"]
[WhiteElo "2065"]
[BlackElo "1941"]
[PlyCount "116"]
[EventDate "2015.??.??"]

1. e4 c5 2. Nf3 Nc6 3. d4 cxd4 4. Nxd4 e5 5. Nb5 a6 6. Nd6+ Bxd6 7. Qxd6 Qe7 8.
Qd1 Nf6 9. Nc3 O-O 10. Bg5 Qe6 11. Bxf6 Qxf6 12. Bd3 b5 13. Nd5 Qd8 14. O-O Ne7
15. f4 Nxd5 16. exd5 exf4 17. Rxf4 g6 18. Qf3 f5 19. Kh1 Bb7 20. c3 Qf6 21. Bc2
Qe5 22. Bb3 Kg7 23. Rf1 Rae8 24. Qd1 Qe2 25. Qd4+ Qe5 26. Qd1 Qe2 27. R4f2 Qxd1
28. Rxd1 Re5 29. Rfd2 Rfe8 30. Kg1 Re2 31. Kf1 Rxd2 32. Rxd2 Kf6 33. c4 bxc4
34. Bxc4 Re4 35. b3 Ke5 36. d6 h6 37. Kf2 g5 38. a4 f4 39. a5 Rd4 40. Rxd4 Kxd4
41. Be6 Bc8 42. Bc4 Kc5 43. h4 Kxd6 44. hxg5 hxg5 45. b4 Ke5 46. b5 Kd4 47. Be2
axb5 48. Bxb5 Kc5 49. Be2 d5 50. g3 fxg3+ 51. Kxg3 Bf5 52. Kf2 d4 53. Bf1 Bd7
54. Kg3 Bb5 55. a6 Bc6 56. Kg4 Kb6 57. Kxg5 Bd7 58. Kf4 Bc8 1/2-1/2

[Event "SR 1. liga zapad 2015/2016"]
[Site "?"]
[Date "2016.03.20"]
[Round "11.3"]
[White "Vass, Frantisek Ml"]
[Black "Schwarz, Dusan"]
[Result "1/2-1/2"]
[WhiteElo "2309"]
[BlackElo "2282"]
[PlyCount "51"]
[EventDate "2015.??.??"]

1. d4 d5 2. c4 c6 3. Nc3 Nf6 4. Nf3 e6 5. e3 Nbd7 6. Qc2 Bd6 7. b3 O-O 8. Be2
b6 9. Bb2 Bb7 10. O-O Qe7 11. e4 Nxe4 12. Nxe4 dxe4 13. Qxe4 f5 14. Qe3 c5 15.
Rad1 Rad8 16. Ng5 Rfe8 17. f4 Nf6 18. Bf3 h6 19. Nh3 Ne4 20. Nf2 Qc7 21. Nd3
Re7 22. dxc5 bxc5 23. Ne5 Kh7 24. Bxe4 Bxe4 25. Qg3 Bxe5 26. Bxe5 1/2-1/2

[Event "SR 1. liga zapad 2015/2016"]
[Site "?"]
[Date "2016.03.20"]
[Round "11.3"]
[White "Vlcek, Stanislav"]
[Black "Maros, Milan"]
[Result "1/2-1/2"]
[WhiteElo "2296"]
[BlackElo "2329"]
[PlyCount "37"]
[EventDate "2015.??.??"]

1. e4 e5 2. Nf3 Nf6 3. Nxe5 d6 4. Nf3 Nxe4 5. d4 d5 6. Bd3 Nc6 7. O-O Be7 8. c4
Nf6 9. Nc3 O-O 10. h3 Nb4 11. Be2 dxc4 12. Bxc4 c6 13. Re1 Nbd5 14. Qb3 Nb6 15.
Bd3 Nfd5 16. Qc2 g6 17. a3 Nxc3 18. bxc3 c5 19. Bh6 1/2-1/2

[Event "SR 1. liga zapad 2015/2016"]
[Site "?"]
[Date "2016.03.20"]
[Round "11.3"]
[White "Mokos, Jozef"]
[Black "Lecky, Juraj"]
[Result "1/2-1/2"]
[WhiteElo "2246"]
[BlackElo "2077"]
[PlyCount "28"]
[EventDate "2015.??.??"]

1. d4 Nf6 2. Nf3 c5 3. e3 g6 4. Be2 Bg7 5. O-O O-O 6. c4 cxd4 7. Nxd4 d5 8. Nc3
Nc6 9. cxd5 Nxd5 10. Nxd5 Qxd5 11. Bf3 Qc5 12. Nxc6 bxc6 13. Qa4 Be6 14. Rb1
Qc4 1/2-1/2

[Event "SR 1. liga zapad 2015/2016"]
[Site "?"]
[Date "2016.03.20"]
[Round "11.3"]
[White "Polacik, Igor"]
[Black "Kalisky, Vladimir"]
[Result "1-0"]
[WhiteElo "2152"]
[BlackElo "2246"]
[PlyCount "135"]
[EventDate "2015.??.??"]

1. c4 e5 2. Nc3 Nc6 3. g3 Nf6 4. Bg2 Bc5 5. e3 O-O 6. Nge2 d6 7. O-O h6 8. d3
Bf5 9. a3 a5 10. Nd5 Nxd5 11. cxd5 Nb8 12. d4 Bb6 13. dxe5 dxe5 14. Nc3 Nd7 15.
Na4 e4 16. f3 exf3 17. Bxf3 Bh3 18. Nxb6 Nxb6 19. Re1 Re8 20. e4 Qf6 21. Be3
Nc4 22. Bd4 Ne5 23. Bh1 Rad8 24. Bc3 b6 25. Qh5 Bg4 26. Bxe5 Bxh5 27. Bxf6 gxf6
28. Rf1 Kg7 29. Rac1 Rd7 30. Rc6 Bg6 31. Rf4 f5 32. exf5 Re1+ 33. Kg2 Bh5 34.
Rf1 Re3 35. Kh3 Be2 36. Rf2 h5 37. Kh4 b5 38. Kg5 Bc4 39. Rd2 Re5 40. Kf4 f6
41. Re6 Bxd5 42. Rxe5 fxe5+ 43. Kg5 c6 44. Bf3 h4 45. g4 h3 46. Kh4 Kf6 47. g5+
Kg7 48. Kxh3 Rf7 49. f6+ Kg6 50. Bxd5 cxd5 51. Rxd5 Kxg5 52. Rxe5+ Kf4 53. Rxb5
a4 54. Rb6 Rh7+ 55. Kg2 Rc7 56. h3 Rc2+ 57. Kf1 Kf3 58. Ke1 Re2+ 59. Kd1 Rf2
60. h4 Ke3 61. h5 Kd3 62. Ke1 Re2+ 63. Kf1 Re5 64. Kg2 Rxh5 65. Kf3 Rh1 66. Kf4
Kd4 67. Kf5 Kd5 68. f7 1-0

[Event "SR 1. liga zapad 2015/2016"]
[Site "?"]
[Date "2016.03.20"]
[Round "11.3"]
[White "Skreno, Vladimir"]
[Black "Krajnak, Robert"]
[Result "1-0"]
[WhiteElo "2226"]
[BlackElo "2111"]
[PlyCount "77"]
[EventDate "2015.??.??"]

1. d4 Nf6 2. Nf3 e6 3. c4 b6 4. g3 Ba6 5. b3 b5 6. cxb5 Bxb5 7. Bg2 c5 8. Ba3
Na6 9. O-O Bc6 10. Nbd2 cxd4 11. Bxf8 Kxf8 12. Nc4 d3 13. Qxd3 Nc5 14. Qd6+ Qe7
15. Rfd1 Qxd6 16. Nxd6 Ke7 17. Ne5 Bxg2 18. Kxg2 Rhf8 19. Rac1 Na6 20. e4 Rab8
21. f3 Nd5 22. Ndc4 Nf6 23. g4 g5 24. Nd6 Nb4 25. a3 Nbd5 26. exd5 Kxd6 27.
Nc4+ Ke7 28. d6+ Ke8 29. b4 Nd5 30. Kf2 f5 31. h3 Rf6 32. Ne5 h5 33. gxh5 Rh6
34. h4 Rxh5 35. hxg5 Rxg5 36. Rh1 Rg8 37. Rh7 Nf6 38. Re7+ Kd8 39. Nf7# 1-0

[Event "SR 1. liga zapad 2015/2016"]
[Site "?"]
[Date "2016.03.20"]
[Round "11.3"]
[White "Petrik, Karol"]
[Black "Szucs, Vladimir"]
[Result "0-1"]
[WhiteElo "2108"]
[BlackElo "2189"]
[PlyCount "114"]
[EventDate "2015.??.??"]

1. e4 e6 2. d4 d5 3. exd5 exd5 4. Nf3 Bd6 5. Bd3 Nc6 6. O-O Nge7 7. Re1 Bg4 8.
c3 Qd7 9. Nbd2 O-O 10. Qc2 Bf5 11. Nh4 Bxd3 12. Qxd3 Rfe8 13. Nf1 Ng6 14. Rxe8+
Rxe8 15. Nxg6 hxg6 16. Bd2 a6 17. Re1 Rxe1 18. Bxe1 Ne7 19. b3 Qf5 20. Qxf5
Nxf5 21. f3 Kf8 22. g4 Ne7 23. Kf2 c5 24. Ke3 c4 25. Bg3 Bxg3 26. Nxg3 cxb3 27.
axb3 b5 28. Ne2 a5 29. Kd3 Ke8 30. Kc2 Kd7 31. Nf4 Kd6 32. Nd3 Nc6 33. Nc5 g5
34. Kd3 g6 35. c4 bxc4+ 36. bxc4 Ne5+ 37. Kc3 Nxc4 38. Na4 Kc6 39. Kd3 Nb6 40.
Nc3 Na8 41. Kc2 Nc7 42. Kb3 Ne6 43. Ne2 Kb5 44. Nc3+ Ka6 45. Ne2 Kb6 46. Ka4
Nxd4 47. Nxd4 Kc5 48. Nb3+ Kc4 49. Nxa5+ Kc3 50. Kb5 d4 51. Kc5 d3 52. Nc4 d2
53. Nxd2 Kxd2 54. Kd4 Ke2 55. Ke4 Kf2 56. f4 Kg2 57. fxg5 Kxh2 0-1

[Event "SR 1. liga zapad 2015/2016"]
[Site "?"]
[Date "2016.03.20"]
[Round "11.3"]
[White "Horvath, Marian"]
[Black "Orosi, Peter"]
[Result "1/2-1/2"]
[WhiteElo "2166"]
[BlackElo "2071"]
[PlyCount "90"]
[EventDate "2015.??.??"]

1. c4 c6 2. Nc3 d5 3. cxd5 cxd5 4. d4 Nf6 5. g3 Nc6 6. Bg2 Bf5 7. a3 e6 8. Nf3
Ne4 9. O-O Be7 10. e3 O-O 11. Nxe4 Bxe4 12. Bd2 Qb6 13. Bc3 a5 14. Ne5 Bxg2 15.
Kxg2 Nb8 16. Qd2 f6 17. Nd3 Qb3 18. Rfd1 Nc6 19. Nc1 Qc4 20. Qd3 b5 21. b3 Qxd3
22. Nxd3 Rfc8 23. Be1 Kf7 24. Rdc1 e5 25. dxe5 Nxe5 26. Nxe5+ fxe5 27. Rxc8
Rxc8 28. Bxa5 Rc2 29. a4 bxa4 30. bxa4 Bc5 31. Kf1 d4 32. exd4 Bxd4 33. Ra3
Rxf2+ 34. Ke1 Rxh2 35. Bd2 Bc5 36. Rc3 Rxd2 37. Kxd2 Bb4 38. Kc2 Bxc3 39. Kxc3
Ke6 40. a5 Kd5 41. a6 Kc6 42. Kc4 h5 43. a7 Kb7 44. Kd5 g5 45. Kxe5 h4 1/2-1/2

[Event "SR 1. liga zapad 2015/2016"]
[Site "?"]
[Date "2016.03.20"]
[Round "11.3"]
[White "Goga, Frantisek"]
[Black "Pinter, Patrik"]
[Result "0-1"]
[WhiteElo "1978"]
[BlackElo "2148"]
[PlyCount "70"]
[EventDate "2015.??.??"]

1. e4 g6 2. d4 Bg7 3. c4 c5 4. Nf3 Nc6 5. d5 Nd4 6. Nc3 Nxf3+ 7. Qxf3 d6 8. Bd2
Nf6 9. h3 O-O 10. Rb1 e6 11. Bd3 exd5 12. exd5 Re8+ 13. Kd1 Nd7 14. g4 Ne5 15.
Qg3 Nxd3 16. Qxd3 a6 17. Re1 Rxe1+ 18. Kxe1 Bd7 19. Bf4 Qf6 20. Qg3 Qd4 21. Be3
Qxc4 22. Qxd6 Bxc3+ 23. bxc3 Qxc3+ 24. Kf1 Qd3+ 25. Kg2 Qxb1 26. Qxd7 Qe4+ 27.
Kg1 c4 28. d6 c3 29. Qc7 Qc6 30. Qe7 Re8 31. d7 Rxe7 32. d8=Q+ Re8 33. Qd1 c2
34. Qc1 Rd8 35. Kh2 Rd1 0-1

[Event "SR 1. liga zapad 2015/2016"]
[Site "?"]
[Date "2016.03.20"]
[Round "11.4"]
[White "Chovan, Milan Ml"]
[Black "Maslik, Miroslav"]
[Result "0-1"]
[WhiteElo "2304"]
[BlackElo "2349"]
[PlyCount "80"]
[EventDate "2015.??.??"]

1. c4 e6 2. Nf3 d5 3. b3 c5 4. g3 Nc6 5. Bg2 Nf6 6. O-O Be7 7. e3 d4 8. exd4
cxd4 9. Re1 O-O 10. d3 Re8 11. Ba3 Nd7 12. Nfd2 Nb4 13. Bxb4 Bxb4 14. a3 Bf8
15. f4 e5 16. Qe2 Nf6 17. fxe5 Ng4 18. Nf3 Ne3 19. Qb2 Bf5 20. Rxe3 dxe3 21. d4
Be4 22. Qc3 Bc5 23. dxc5 Qd1+ 24. Qe1 Bxf3 25. Qxd1 Bxd1 26. Bxb7 e2 27. Kf2
Rxe5 28. Ke1 Rf5 29. Nd2 Rd8 30. Bd5 Kf8 31. b4 Re8 32. b5 Bc2 33. b6 Bd3 34.
Nf3 axb6 35. cxb6 Bxc4 36. Bxc4 Rxf3 37. Bxe2 Rb3 38. Ra2 Rxb6 39. a4 Re5 40.
a5 Ra6 0-1

[Event "SR 1. liga zapad 2015/2016"]
[Site "?"]
[Date "2016.03.20"]
[Round "11.4"]
[White "Balogh, Tomas"]
[Black "Martiska, Peter"]
[Result "1/2-1/2"]
[WhiteElo "2335"]
[BlackElo "2245"]
[PlyCount "45"]
[EventDate "2015.??.??"]

1. d4 Nf6 2. Nf3 e6 3. e3 b6 4. b3 Bb7 5. Bb2 Be7 6. Nbd2 d6 7. Bd3 c5 8. O-O
O-O 9. c4 Nbd7 10. Rc1 Rc8 11. Qe2 Re8 12. Ng5 Qc7 13. f4 cxd4 14. exd4 Bf8 15.
Nde4 h6 16. Nxf6+ Nxf6 17. Ne4 Nxe4 18. Bxe4 Qd7 19. Bxb7 Qxb7 20. Qd3 d5 21.
f5 Rcd8 22. fxe6 Rxe6 23. Rf2 1/2-1/2

[Event "SR 1. liga zapad 2015/2016"]
[Site "?"]
[Date "2016.03.20"]
[Round "11.4"]
[White "Jancovic, Peter"]
[Black "Slacky, Stanislav"]
[Result "1/2-1/2"]
[WhiteElo "2197"]
[BlackElo "2176"]
[PlyCount "40"]
[EventDate "2015.??.??"]

1. d4 Nc6 2. Nf3 d6 3. g3 g6 4. Bg2 Bg7 5. b3 e5 6. Bb2 e4 7. Nfd2 Nxd4 8. c3
Ne6 9. Nxe4 d5 10. Ned2 Ne7 11. O-O O-O 12. Na3 c6 13. e4 Ng5 14. Re1 Bh6 15.
Bh1 Be6 16. Qe2 b5 17. Nc2 Qb6 18. Qe3 Qxe3 19. Nxe3 Rfd8 20. Rab1 dxe4 1/2-1/2

[Event "SR 1. liga zapad 2015/2016"]
[Site "?"]
[Date "2016.03.20"]
[Round "11.4"]
[White "Dujava, Daniel"]
[Black "Chlpik, Martin"]
[Result "0-1"]
[WhiteElo "2135"]
[BlackElo "2131"]
[PlyCount "56"]
[EventDate "2015.??.??"]

1. e4 c5 2. Nf3 d6 3. d4 cxd4 4. Nxd4 Nf6 5. Nc3 a6 6. Bc4 e6 7. Bb3 b5 8. Bg5
Be7 9. Qf3 Ra7 10. O-O-O Bd7 11. Rhe1 Nc6 12. Bxf6 Bxf6 13. Ncxb5 axb5 14. Nxb5
Qa5 15. Nxa7 Nd4 16. Qd3 Qxa7 17. f4 O-O 18. e5 dxe5 19. fxe5 Nxb3+ 20. Qxb3
Bg5+ 21. Kb1 Bc6 22. g3 Rb8 23. Qd3 Bd5 24. c4 Qb7 25. Qb3 Be4+ 26. Rxe4 Qxe4+
27. Qd3 Qxe5 28. b3 Bf6 0-1

[Event "SR 1. liga zapad 2015/2016"]
[Site "?"]
[Date "2016.03.20"]
[Round "11.4"]
[White "Briestenska, Andrea"]
[Black "Pytlik, Pavol"]
[Result "1/2-1/2"]
[WhiteElo "1980"]
[BlackElo "2104"]
[PlyCount "52"]
[EventDate "2015.??.??"]

1. f4 e6 2. Nf3 d5 3. e3 c5 4. Bb5+ Bd7 5. Qe2 Bxb5 6. Qxb5+ Qd7 7. Nc3 Nc6 8.
Ne5 Nxe5 9. fxe5 Qxb5 10. Nxb5 Kd7 11. O-O f5 12. a4 a6 13. Nc3 Ne7 14. d4 Nc6
15. Ne2 Be7 16. Bd2 c4 17. Rfb1 b5 18. b4 Rab8 19. a5 g5 20. c3 Rhg8 21. Rf1 h5
22. Kh1 Rg7 23. Rab1 Rh8 24. Kg1 Bd8 25. Ra1 Ne7 26. Rab1 Ng6 1/2-1/2

[Event "SR 1. liga zapad 2015/2016"]
[Site "?"]
[Date "2016.03.20"]
[Round "11.4"]
[White "Szeko, Ludovit"]
[Black "Odler, Daniel"]
[Result "0-1"]
[WhiteElo "2063"]
[BlackElo "2080"]
[PlyCount "80"]
[EventDate "2015.??.??"]

1. e4 c5 2. d4 cxd4 3. c3 Nf6 4. e5 Nd5 5. cxd4 e6 6. Nf3 Nc6 7. Nc3 d6 8. Nxd5
exd5 9. Be2 dxe5 10. dxe5 Bb4+ 11. Kf1 O-O 12. Bd2 Bc5 13. h4 Bg4 14. Bf4 Qb6
15. Ng5 Qxb2 16. f3 Bf5 17. g4 Bc2 18. Qe1 Bb4 19. Qc1 Bc3 20. Kg2 h6 21. Nh3
Qxa1 22. Qxa1 Bxa1 23. Rxa1 d4 24. Bb5 Rad8 25. Nf2 d3 26. Ne4 Nd4 27. Bc4 b5
28. Bb3 Bxb3 29. axb3 Nxb3 30. Ra2 Rd4 31. Kf2 Rfd8 32. Bd2 a5 33. Ke3 Nxd2 34.
Rxd2 R4d5 35. f4 Rc8 36. Ra2 Rc2 37. Ra1 Re2+ 38. Kf3 Rh2 39. Nc3 Rc5 40. Nd1
d2 0-1

[Event "SR 1. liga zapad 2015/2016"]
[Site "?"]
[Date "2016.03.20"]
[Round "11.4"]
[White "Hlavina, Lubomir Ml"]
[Black "Jursa, Branislav"]
[Result "1/2-1/2"]
[WhiteElo "1997"]
[BlackElo "1963"]
[PlyCount "86"]
[EventDate "2015.??.??"]

1. e4 e6 2. d4 d5 3. Nd2 Nf6 4. e5 Nfd7 5. Bd3 c5 6. c3 Nc6 7. Ne2 Qb6 8. Nf3
cxd4 9. cxd4 f6 10. exf6 Nxf6 11. O-O Bd6 12. Re1 O-O 13. b3 Bd7 14. Bf4 Nb4
15. Bxd6 Qxd6 16. Ne5 Rac8 17. a3 Nc6 18. f4 Ne4 19. b4 a6 20. Rc1 b5 21. Qb3
Ne7 22. Bxe4 dxe4 23. Qe3 Bc6 24. Nxc6 Nd5 25. Qxe4 Rxc6 26. Rxc6 Qxc6 27. Rc1
Qd6 28. Qe5 Qe7 29. g3 Rd8 30. Kf2 Qe8 31. Rc5 Kh8 32. h4 Nf6 33. Kf3 Nd7 34.
Qc7 Nxc5 35. bxc5 Qh5+ 36. Kf2 Qd5 37. Qb6 Ra8 38. Qa5 Kg8 39. Qb4 Qc4 40. Qa5
Qd5 41. Qb4 Qc6 42. Qa5 Rf8 43. Qc3 h6 1/2-1/2

[Event "SR 1. liga zapad 2015/2016"]
[Site "?"]
[Date "2016.03.20"]
[Round "11.4"]
[White "Puchovsky, Ladislav"]
[Black "Amrich, Martin"]
[Result "1-0"]
[WhiteElo "1939"]
[BlackElo "1988"]
[PlyCount "89"]
[EventDate "2015.??.??"]

1. d4 Nf6 2. c4 g6 3. Nc3 Bg7 4. e4 d6 5. f3 O-O 6. Be3 Nc6 7. Qd2 e5 8. d5 Nd4
9. Nge2 Nxe2 10. Bxe2 a6 11. g4 h5 12. h3 Rb8 13. Bg5 Qe8 14. a4 c6 15. h4 hxg4
16. Bxf6 Bxf6 17. fxg4 Qe7 18. g5 Bg7 19. Qe3 Bd7 20. h5 Rfc8 21. a5 Qd8 22.
Kf2 b5 23. cxb5 cxb5 24. b4 Rc7 25. Rac1 Rbc8 26. Na2 Rc2 27. Rxc2 Rxc2 28. Nc3
Bg4 29. h6 Bf8 30. Rc1 Rb2 31. Rb1 Rxb1 32. Nxb1 Bxe2 33. Kxe2 Qc8 34. Nd2 Be7
35. Kd3 Qc1 36. Ke2 Qb2 37. Qb3 Qxb3 38. Nxb3 Bxg5 39. h7+ Kxh7 40. Nc5 Bd8 41.
Nxa6 f5 42. exf5 gxf5 43. Nb8 e4 44. Nc6 Kg6 45. Nxd8 1-0

[Event "SR 1. liga zapad 2015/2016"]
[Site "?"]
[Date "2016.03.20"]
[Round "11.5"]
[White "Dobrotka, Martin"]
[Black "Gasa, Andrej"]
[Result "1/2-1/2"]
[WhiteElo "2170"]
[BlackElo "2297"]
[PlyCount "37"]
[EventDate "2015.??.??"]

1. d4 Nf6 2. c4 e6 3. Nf3 d5 4. Nc3 Be7 5. Bg5 O-O 6. e3 Nbd7 7. Bd3 h6 8. Bh4
c6 9. O-O Re8 10. Rc1 a6 11. cxd5 exd5 12. Bb1 Nf8 13. Ne5 N6d7 14. Bxe7 Qxe7
15. Nxd7 Bxd7 16. Na4 Rad8 17. Nc5 Bc8 18. b4 Qg5 19. Qf3 1/2-1/2

[Event "SR 1. liga zapad 2015/2016"]
[Site "?"]
[Date "2016.03.20"]
[Round "11.5"]
[White "Rohacek, Miroslav"]
[Black "Hanko, Pavol"]
[Result "1-0"]
[WhiteElo "2329"]
[BlackElo "2151"]
[PlyCount "69"]
[EventDate "2015.??.??"]

1. c4 Nf6 2. Nf3 g6 3. b4 Bg7 4. Bb2 O-O 5. g3 d6 6. Bg2 e5 7. O-O a5 8. b5
Nbd7 9. Nc3 Nc5 10. Na4 Nxa4 11. Qxa4 Nd7 12. Qa3 Nb6 13. d3 Re8 14. Nd2 Bf8
15. Qb3 d5 16. Ba3 Be6 17. Bxf8 Rxf8 18. cxd5 Bxd5 19. Bxd5 Qxd5 20. Qxd5 Nxd5
21. Rfc1 Rfc8 22. Rc5 Rd8 23. Rac1 Rd7 24. Ne4 Kf8 25. Nc3 Ne7 26. Rxe5 c6 27.
Na4 Rd4 28. Nb6 Rad8 29. bxc6 Nxc6 30. Rb5 Re8 31. Kf1 Rb4 32. Rxb4 axb4 33.
Nd7+ Ke7 34. Nc5 Na5 35. Nxb7 1-0

[Event "SR 1. liga zapad 2015/2016"]
[Site "?"]
[Date "2016.03.20"]
[Round "11.5"]
[White "Kaniansky, Miroslav"]
[Black "Jozefek, Michal"]
[Result "1/2-1/2"]
[WhiteElo "2174"]
[BlackElo "2176"]
[PlyCount "44"]
[EventDate "2015.??.??"]

1. d4 Nf6 2. Nf3 e6 3. g3 b6 4. Bg2 Bb7 5. O-O Be7 6. c4 c5 7. Nc3 cxd4 8. Nxd4
Bxg2 9. Kxg2 Qc8 10. Qd3 Nc6 11. Nxc6 Qxc6+ 12. Qf3 Rc8 13. e4 Qxc4 14. e5 Ng4
15. Bf4 g5 16. Qxg4 Qc6+ 17. Qf3 gxf4 18. Qxc6 Rxc6 19. gxf4 f5 20. Rac1 a6 21.
Ne2 Rxc1 22. Rxc1 Kd8 1/2-1/2

[Event "SR 1. liga zapad 2015/2016"]
[Site "?"]
[Date "2016.03.20"]
[Round "11.5"]
[White "Karas, Marek"]
[Black "Detko, Jan"]
[Result "1/2-1/2"]
[WhiteElo "2229"]
[BlackElo "2165"]
[PlyCount "37"]
[EventDate "2015.??.??"]

1. Nf3 Nc6 2. e4 d6 3. d4 Bg4 4. Be2 e5 5. d5 Nb8 6. c4 Nd7 7. Nc3 Be7 8. Be3
Bxf3 9. Bxf3 Bg5 10. Qd2 Bxe3 11. Qxe3 Ngf6 12. O-O a5 13. Bd1 O-O 14. f3 Nc5
15. Bc2 Nfd7 16. Ba4 Nb6 17. b3 f5 18. Bb5 f4 19. Qd2 1/2-1/2

[Event "SR 1. liga zapad 2015/2016"]
[Site "?"]
[Date "2016.03.20"]
[Round "11.5"]
[White "Reisel, Frantisek"]
[Black "Jablonicky, Martin"]
[Result "0-1"]
[WhiteElo "2022"]
[BlackElo "2255"]
[PlyCount "90"]
[EventDate "2015.??.??"]

1. d4 Nf6 2. c4 c5 3. d5 b5 4. cxb5 a6 5. bxa6 g6 6. Nc3 Bxa6 7. g3 d6 8. Bg2
Bg7 9. Nf3 Nbd7 10. h3 O-O 11. O-O Qa5 12. Re1 Rfb8 13. e4 Ne8 14. Qc2 Nc7 15.
Bd2 Ne5 16. Nxe5 Bxe5 17. Kh2 Nb5 18. Nxb5 Qxb5 19. Rab1 Qc4 20. Bc3 Rxb2 21.
Rxb2 Qxc3 22. Reb1 Qxc2 23. Rxc2 Bd3 24. Rbc1 Bxc2 25. Rxc2 Ra4 26. f4 Ba1 27.
Bf3 c4 28. Kg2 c3 29. e5 Bb2 30. exd6 exd6 31. Be2 Rxa2 32. Bb5 Ra5 33. Bc6 Kf8
34. Kf3 Ke7 35. g4 Kd8 36. Ke4 Ra1 37. Kf3 Kc7 38. Be8 f6 39. Bf7 Kb6 40. Bg8
Ra7 41. h4 Kc5 42. Ke4 Kc4 43. h5 Kb3 44. Kd3 gxh5 45. gxh5 Rg7 0-1

[Event "SR 1. liga zapad 2015/2016"]
[Site "?"]
[Date "2016.03.20"]
[Round "11.5"]
[White "Gasa, Patrik"]
[Black "Gunis, Juraj"]
[Result "1-0"]
[WhiteElo "2095"]
[BlackElo "2031"]
[PlyCount "79"]
[EventDate "2015.??.??"]

1. d4 Nf6 2. c4 c5 3. d5 b5 4. cxb5 a6 5. bxa6 Bxa6 6. Nc3 g6 7. e4 Bxf1 8.
Kxf1 d6 9. Nf3 Nbd7 10. g3 Bg7 11. Kg2 O-O 12. Qe2 Qb6 13. Rb1 Rfb8 14. Bd2 Ne8
15. b3 Nc7 16. a4 e6 17. dxe6 fxe6 18. Rhd1 Qc6 19. Bf4 Bf8 20. Ng5 h6 21. Nf3
g5 22. Be3 g4 23. Nh4 Ne5 24. Bf4 h5 25. Bxe5 dxe5 26. Ng6 Qe8 27. Nxf8 Kxf8
28. Qe3 Qf7 29. Qh6+ Kg8 30. Qg5+ Kh7 31. Rd3 Rf8 32. Rf1 Rab8 33. Nd1 Rb4 34.
Rh1 Rxe4 35. h3 Qg6 36. Rd7+ Rf7 37. Rxf7+ Qxf7 38. hxg4 Qg7 39. Rxh5+ Kg8 40.
Qd8+ 1-0

[Event "SR 1. liga zapad 2015/2016"]
[Site "?"]
[Date "2016.03.20"]
[Round "11.5"]
[White "Mikus, Teodor"]
[Black "Spacek, Oliver"]
[Result "0-1"]
[WhiteElo "1900"]
[BlackElo "2145"]
[PlyCount "36"]
[EventDate "2015.??.??"]

1. e4 c5 2. Nf3 e6 3. c3 Nf6 4. e5 Nd5 5. d4 cxd4 6. cxd4 d6 7. Nc3 dxe5 8.
Nxe5 Bb4 9. Bb5+ Bd7 10. Bxd7+ Nxd7 11. Nxd7 Nxc3 12. Qg4 Nd5+ 13. Kf1 Qxd7 14.
h3 O-O-O 15. Kg1 Kb8 16. Kh2 Bd6+ 17. g3 h5 18. Qh4 f6 0-1

[Event "SR 1. liga zapad 2015/2016"]
[Site "?"]
[Date "2016.03.20"]
[Round "11.5"]
[White "Bury, Rastislav"]
[Black "Kurtulik, Andrej"]
[Result "1-0"]
[WhiteElo "2169"]
[BlackElo "1877"]
[PlyCount "87"]
[EventDate "2015.??.??"]

1. d4 d5 2. Nf3 Nf6 3. g3 Bf5 4. Bg2 Nc6 5. O-O Qd7 6. Re1 Bh3 7. Bh1 Qg4 8.
Ng5 h6 9. Nxh3 Qxh3 10. Bg2 Qg4 11. Be3 e6 12. c4 Bd6 13. Nc3 a6 14. cxd5 exd5
15. Nxd5 Nh5 16. Qa4 O-O 17. h3 Qg6 18. g4 Nf6 19. Nf4 Bxf4 20. Bxf4 h5 21. g5
Ne4 22. d5 Nxg5 23. Bxg5 Ne5 24. Bf4 Rae8 25. Rac1 Kh8 26. Qa3 f6 27. Rxc7 Nd3
28. Qxd3 Qxd3 29. exd3 Rxe1+ 30. Kh2 Re2 31. Rxb7 Rxf2 32. Kg3 Re2 33. Bf3 Re1
34. Kf2 Ra1 35. a3 Rc8 36. Rc7 Rb8 37. Rc2 Re8 38. d6 Kh7 39. Bxh5 Rd8 40. Bg4
g5 41. Bg3 Kg6 42. Rc8 Rxc8 43. Bxc8 Rd1 44. Ke2 1-0

[Event "SR 1. liga zapad 2015/2016"]
[Site "?"]
[Date "2016.03.20"]
[Round "11.6"]
[White "Farkas, Gabor"]
[Black "Kavon, Rastislav"]
[Result "0-1"]
[WhiteElo "2398"]
[BlackElo "2203"]
[PlyCount "88"]
[EventDate "2015.??.??"]

1. d4 Nf6 2. c4 g6 3. Nc3 Bg7 4. e4 d6 5. Be2 O-O 6. Bg5 h6 7. Be3 e5 8. d5 Kh7
9. g4 Nfd7 10. h4 a5 11. a3 Qe7 12. Nh3 Nc5 13. h5 g5 14. b4 axb4 15. axb4 Rxa1
16. Qxa1 Nb3 17. Qa7 Na6 18. b5 Nac5 19. b6 Nd4 20. f3 cxb6 21. Qxb6 Bd7 22.
Kf2 Ra8 23. Qb2 Qf6 24. Kg2 Nd3 25. Qb1 Nxe2 26. Qxd3 Nf4+ 27. Nxf4 gxf4 28.
Bf2 Qd8 29. Rb1 Qc8 30. Nb5 Bf8 31. Na7 Qb8 32. Nb5 Be7 33. Rb3 Qc8 34. Na7 Qc7
35. Bb6 Qb8 36. Qb1 Bh4 37. Ra3 Qg8 38. Kh1 Bg3 39. Bg1 Bxg4 40. fxg4 Qxg4 41.
Bh2 Bxh2 42. Kxh2 Qh4+ 43. Rh3 Qf2+ 44. Kh1 Rg8 0-1

[Event "SR 1. liga zapad 2015/2016"]
[Site "?"]
[Date "2016.03.20"]
[Round "11.6"]
[White "Bango, Lukas"]
[Black "Janko, Michal"]
[Result "1-0"]
[WhiteElo "2031"]
[BlackElo "2229"]
[PlyCount "69"]
[EventDate "2015.??.??"]

1. d4 d6 2. e4 g6 3. Nc3 Bg7 4. Be3 a6 5. f3 b5 6. Qd2 Nd7 7. O-O-O Bb7 8. h4
h5 9. Nge2 c6 10. g4 hxg4 11. fxg4 b4 12. Nb1 c5 13. dxc5 dxc5 14. Ng3 Ngf6 15.
g5 Ng4 16. Bh3 Nge5 17. h5 e6 18. h6 Bf8 19. Bf4 Qa5 20. Rhf1 O-O-O 21. Bxe5
Nxe5 22. Qf4 Rxd1+ 23. Rxd1 Qc7 24. Qf6 Rh7 25. Bxe6+ Kb8 26. Qd8+ Qxd8 27.
Rxd8+ Ka7 28. Rxf8 fxe6 29. Rf6 Bc8 30. Ne2 Rf7 31. Nd2 Rxf6 32. gxf6 Nf7 33.
h7 Bb7 34. Nf3 Bxe4 35. Ng5 1-0

[Event "SR 1. liga zapad 2015/2016"]
[Site "?"]
[Date "2016.03.20"]
[Round "11.6"]
[White "Janko, Ladislav"]
[Black "Puskar, Peter"]
[Result "1-0"]
[WhiteElo "2176"]
[BlackElo "2238"]
[PlyCount "69"]
[EventDate "2015.??.??"]

1. e4 c5 2. Nf3 d6 3. c3 Nc6 4. h3 Nf6 5. Bd3 e6 6. Bc2 Bd7 7. d3 Be7 8. Nbd2
b5 9. Nf1 O-O 10. Ng3 Qc7 11. O-O e5 12. Qe2 a6 13. Nh4 Ne8 14. Nhf5 Bxf5 15.
Nxf5 Nd8 16. f4 Ne6 17. fxe5 dxe5 18. Bb3 Nd6 19. Bd5 Rab8 20. Qg4 Nxf5 21.
Rxf5 Nf4 22. Bxf4 exf4 23. Rxf4 Bd6 24. Rf5 Kh8 25. Raf1 f6 26. Rh5 h6 27. Qg6
Rbe8 28. d4 cxd4 29. cxd4 Qa7 30. Kh1 Qe7 31. e5 fxe5 32. Rf7 Rxf7 33. Bxf7
Qxf7 34. Qxf7 Rf8 35. Qg6 1-0

[Event "SR 1. liga zapad 2015/2016"]
[Site "?"]
[Date "2016.03.20"]
[Round "11.6"]
[White "Szitkey, Milan"]
[Black "Balogh, Peter"]
[Result "1/2-1/2"]
[WhiteElo "2105"]
[BlackElo "2158"]
[PlyCount "61"]
[EventDate "2015.??.??"]

1. e4 e5 2. Nf3 Nc6 3. Bb5 f5 4. Nc3 fxe4 5. Nxe4 Nf6 6. Qe2 d5 7. Ng3 e4 8. d3
Qe7 9. dxe4 dxe4 10. Ng5 Bg4 11. Bxc6+ bxc6 12. Qc4 Qb4+ 13. Qxb4 Bxb4+ 14. c3
Bd6 15. N5xe4 O-O 16. Nxd6 cxd6 17. O-O d5 18. h3 Bd7 19. Be3 a5 20. b3 a4 21.
b4 Rfe8 22. Rfe1 Ne4 23. Nxe4 Rxe4 24. Bd4 Rae8 25. Kf1 g6 26. Rxe4 Rxe4 27.
Re1 Rxe1+ 28. Kxe1 Kf7 29. Kd2 Be6 30. Kc1 Bc8 31. Kd2 1/2-1/2